| 000 | 01628nam a22003375i 4500 | ||
|---|---|---|---|
| 001 | 168773 | ||
| 003 | ES-MaACL | ||
| 005 | 20250811231023.0 | ||
| 008 | 080604s2002 sp a 001 0dspa d | ||
| 020 | _a84-7664-780-8 | ||
| 080 | _a75.035/.036(44)(083.824) | ||
| 245 | 0 | 0 |
_aDe Renoir a Picasso : _bobres mestres del Musée de l'Orangerie, París : [exposició organitzada per la Fundació "la Caixa", de l'11 d'abril al 30 de juny del 2002, CaixaForum / _cautors, Pierre Georgel, José Francisco Yvars, Jean-Pierre Labiau]. |
| 250 | _a1ª ed. bilingüe. | ||
| 260 |
_aBarcelona : _bFundació "la Caixa", _c2002. |
||
| 300 |
_a253 p. : _bil. col. y n. ; _c30 cm. |
||
| 505 | 8 | _aContiene: El Museo de l'Orangerie ; Una visión sin prejuicios del arte moderno / Pierre Georgel . Vague de Rêves: París al romper el siglo XX / José Francisco Yvars . Catalogación de obras: Monet, Renoir, Cézanne, Rousseau, Matisse, Modigliani, Soutine, Laurencin, Utrillo, Derain, Picasso / Jean-Pierre Labiau | |
| 546 | _aTexto en catalán y castellano. | ||
| 610 | 2 | 4 |
_aMusée de l'Orangerie _9173259 |
| 650 | 4 |
_aImpresionismo (Arte)- _vExposiciones. _913619 |
|
| 650 | 4 |
_aPintura- _yS.XIX- _vExposiciones. _9137837 |
|
| 650 | 4 |
_aPintura- _yS.XX- _vExposiciones. _916011 |
|
| 655 | 7 |
_2tgfbne _9193628 _aCatálogos de exposiciones |
|
| 700 | 1 |
_aGeorgel, Pierre. _9173260 |
|
| 700 | 1 |
_aIvars, José-Francisco. _965661 |
|
| 700 | 1 |
_aLabiau, Jean-Pierre. _9173261 |
|
| 710 | 2 |
_aFundació "la Caixa" _9173255 |
|
| 710 | 2 |
_aCaixaForum Barcelona. _9138290 |
|
| 852 | 4 |
_aES-MaACL _jL-29463 |
|
| 942 | _2udc | ||
| 999 |
_c168773 _d168773 |
||